Construction work in Ottoman Cairo (1517-1798) /

محفوظ في:

المؤلف الرئيسي: Hanna, Nelly (مؤلف)

التنسيق: كتاب

اللغة: English

منشور في: Le Caire : Institut français d'archéologie orientale, 1984.

سلاسل: Cahier des Annales Islamologiques, 4.
CAI ; 4.

الموضوعات:

الوسوم: إضافة وسم

لا توجد وسوم, كن أول من يضع وسما على هذه التسجيلة!

رقم الطلب: DS41 .C24 v.4

LEADER 00829namaa2200265 4500
001 20692
003 OSt
005 20260302074022.0
008 130303s1984 ua b 000 0 eng d
010 |a 85134678 
040 |c ARCE Library 
043 |a f-ua--- 
050 4 |a DS41 .C24 v.4 
100 1 |a Hanna, Nelly,  |e author 
245 1 0 |a Construction work in Ottoman Cairo (1517-1798) /  |c by Nelly Hanna. 
264 1 |a Le Caire :  |b Institut français d'archéologie orientale,  |c 1984. 
300 |a vi, 71 pages ;  |c 28 cm. 
490 0 |a Cahier des Annales Islamologiques,   |x 0254-282X ;   |v 4. 
490 0 |a CAI ;   |v 4. 
504 |a Includes bibliographical references. 
650 0 |a Buildings  |z Egypt  |z Cairo  |x History. 
650 0 |a Construction industry  |z Egypt  |z Cairo  |x History. 
901 |a reviewed 
942 |c BK  |2 lcc 
999 |c 17152  |d 17152